01174nam a2200289Ia 4500001001200000003000800012006001900020007001500039008004100054020001800095020001800113040002100131035002100152050002800173245011500201260004700316300002400363504004100387533015200428650004200580650003600622655002900658700002400687700003000711710001700741856012600758ebr10601791CaPaEBRm u cr cn|||||||||120927s2012 ilua sb 000 0 eng d z9781608052837 z9781608054213 aCaPaEBRcCaPaEBR a(OCoLC)81547636014aRA1270.N36bT695 2012eb00aToxic effects of nanomaterialsh[electronic resource] /cedited by Haseeb Ahmad Khan, Ibrahim Abdulwahid Arif. a[Oak Park, Ill. :bBentham Science,c2012] avii, 147 p. :bill. aIncludes bibliographical references. aElectronic reproduction.bPalo Alto, Calif. :cebrary,d2011.nAvailable via World Wide Web.nAccess may be limited to ebrary affiliated libraries. 0aNanostructured materialsxToxicology. 0aNanotechnologyxHealth aspects. 7aElectronic books.2local1 aKhan, Haseeb Ahmad.1 aArif, Ibrahim Abdulwahid.2 aebrary, Inc.40uhttp://site.ebrary.com/lib/rucke/Doc?id=10601791zAn electronic book accessible through the World Wide Web; click to view